[Event "PHI-ch (Women)"]
[Site "Manila"]
[Date "2014.06.26"]
[Round "9"]
[White "Dantes, Aurora Kim"]
[Black "Mejia, Cherry Ann"]
[Result "0-1"]
[WhiteElo "1875"]
[BlackElo "1972"]
[PlyCount "66"]
[EventDate "2014.06.21"]
[EventType "tourn"]
[EventRounds "11"]
[EventCountry "PHI"]
[SourceTitle "CBM 161 Extra"]
[Source "ChessBase"]
[SourceDate "2014.08.29"]
[SourceVersion "1"]
[SourceVersionDate "2014.08.29"]
[SourceQuality "1"]

1. d4 d5 2. Nf3 Nf6 3. c4 dxc4 4. e3 Bg4 5. Bxc4 e6 6. 0-0 Nbd7 7. Nc3 Bb4 8. h3 Bh5 9. Qb3 Bxc3 10. bxc3 Bxf3 11. gxf3 Nb6 12. Be2 0-0 13. f4 Nfd7 14. Bf3 Rb8 15. Ba3 Re8 16. Kh2 Qf6 17. Be4 e5 18. dxe5 Nxe5 19. Qc2 Ng6 20. Rae1 Nc4 21. Bc5 Rxe4 22. Qxe4 Nd2 23. Qg2 Nh4 24. Qg4 Nhf3+ 25. Kh1 Qc6 26. Bd4 Nxd4+ 27. e4 N4f3 28. Qg2 Nxe1 29. Rxe1 Nxe4 30. Kh2 Nf6 31. Qg3 Re8 32. Rd1 Ne4 33. Qh4 Qf6 0-1